Lilo & Stitch Experiment By Image (300-499) - Statistics

General Stats
  • This quiz has been taken 105 times
  • The average score is 12 of 18
Answer Stats
Picture Hint Answer % Correct
Experiment 319 Spike
88%
Experiment 300 Spooky
85%
Experiment 345 Elastico
80%
Experiment 323 Hunkahunka
80%
Experiment 375 Phantasmo
80%
Experiment 320 Cloudy
76%
Experiment 303 Amnesio
73%
Experiment 344 Dupe
66%
Experiment 358 Manners
66%
Experiment 360 Drowsy
63%
Experiment 383 Swirly
63%
Experiment 322 Heckler
61%
Experiment 316 Morpholomew
61%
Experiment 397 Spats
61%
Experiment 355 Swapper
61%
Experiment 390 Slimy
56%
Experiment 455 Mary
44%
Experiment 489 Huggo
34%
No matching quizzes found
Score Distribution
Percent of People with Each Score
Percentile by Number Answered
Your Score History
You have not taken this quiz